000 01097nam a2200133Ia 4500
008 220615s9999||||xx |||||||||||||| ||und||
020 _a9783040000000
245 0 _aAnimal Nutrition and Welfare in Sustainable Production Systems
546 _aEnglish[eng]
650 _aselenium||cow||production||reproduction||nutrition||cattle||vegetable protein||urea||rumen fermentation||sustainability||sunflower meal||laying hens||performance||yolk cholesterol||yolk fatty acids||egg quality||Alternaria spp.||mycotoxins||fungi||poultry production||welfare||oxidative stress||ancient grains||organic farm||intestinal morphometry||enzymatic activity||animal performance||honeybee||medicinal plants||quality||antimicrobials||poultry||health||corn hybrid||egg yolk||lutein||zeaxanthin||β-cryptoxanthin||β-carotene||yolk color||carotenoid deposition efficiency||forage||liquid feeding||gestation||lactation||sow||ad libitum feeding||sorting gate||feed self-sufficiency
700 _aPuvača, Nikola||Tufarelli, Vincenzo||Voslarova, Eva
856 _uhttps://mdpi.com/books/pdfview/book/4820
942 _cEB
999 _c9615
_d9615